<?xml version="1.0" encoding="UTF-8"?>
<record
    xmlns:xsi="http://www.w3.org/2001/XMLSchema-instance"
    xsi:schemaLocation="http://www.loc.gov/MARC21/slim http://www.loc.gov/standards/marcxml/schema/MARC21slim.xsd"
    xmlns="http://www.loc.gov/MARC21/slim">

  <leader>01244njm a22002897a 4500</leader>
  <controlfield tag="005">20100904113733.0</controlfield>
  <controlfield tag="007">sd ammalaaahaa</controlfield>
  <controlfield tag="008">100830t        xxu||||| |||| 00| 0 hin d</controlfield>
  <datafield tag="028" ind1=" " ind2=" ">
    <subfield code="a">GE. 33018</subfield>
    <subfield code="b">Columbia</subfield>
  </datafield>
  <datafield tag="028" ind1=" " ind2=" ">
    <subfield code="a">CEI. 61959</subfield>
    <subfield code="b">Columbia</subfield>
  </datafield>
  <datafield tag="028" ind1=" " ind2=" ">
    <subfield code="a">CEI. 61960</subfield>
    <subfield code="b">Columbia</subfield>
  </datafield>
  <datafield tag="035" ind1=" " ind2=" ">
    <subfield code="a">GR-635</subfield>
  </datafield>
  <datafield tag="040" ind1=" " ind2=" ">
    <subfield code="a">SED/VEN</subfield>
  </datafield>
  <datafield tag="100" ind1=" " ind2=" ">
    <subfield code="9">17458</subfield>
  </datafield>
  <datafield tag="245" ind1=" " ind2=" ">
    <subfield code="a">Hawda wrij part 1 /</subfield>
    <subfield code="h">[Sound recording] :</subfield>
  </datafield>
  <datafield tag="246" ind1=" " ind2=" ">
    <subfield code="a">&#x939;&#x93E;&#x935;&#x921;&#x93C;&#x93E; &#x935;&#x94D;&#x930;&#x93F;&#x91C; </subfield>
  </datafield>
  <datafield tag="260" ind1=" " ind2=" ">
    <subfield code="a">Dum Dum, India </subfield>
    <subfield code="b">Columbia</subfield>
  </datafield>
  <datafield tag="300" ind1=" " ind2=" ">
    <subfield code="a">1 Sound disc [Gramophone Record] :</subfield>
    <subfield code="b">anlog, 33 1/3 rpm</subfield>
    <subfield code="c">10 in (LP)</subfield>
    <subfield code="f">Gramophone Records</subfield>
  </datafield>
  <datafield tag="500" ind1=" " ind2=" ">
    <subfield code="a">Brief record</subfield>
  </datafield>
  <datafield tag="505" ind1=" " ind2=" ">
    <subfield code="a">Ilectronic gitar tarj-aaiye meharban, Ilectronic gitar tarj-si. ae. ti. keat mane billi (&#x907;&#x932;&#x947;&#x915;&#x94D;&#x91F;&#x94D;&#x930;&#x94B;&#x928;&#x93F;&#x915; &#x917;&#x93F;&#x91F;&#x93E;&#x930; &#x924;&#x930;&#x94D;&#x91C;-&#x906;&#x907;&#x92F;&#x947; &#x92E;&#x947;&#x939;&#x930;&#x92C;&#x93E;&#x928;) (&#x907;&#x932;&#x947;&#x915;&#x94D;&#x91F;&#x94D;&#x930;&#x94B;&#x928;&#x93F;&#x915; &#x917;&#x93F;&#x91F;&#x93E;&#x930; &#x924;&#x930;&#x94D;&#x91C;-&#x938;&#x940;. &#x90F;. &#x91F;&#x940;. &#x915;&#x948;&#x91F; &#x92E;&#x928;&#x947; &#x92C;&#x93F;&#x932;&#x94D;&#x932;&#x940; [&#x926;&#x93F;&#x932;&#x94D;&#x932;&#x940; &#x915;&#x93E; &#x922;&#x902;&#x917;]) &#x92A;&#x93E;&#x930;&#x94D;&#x91F;. 2</subfield>
  </datafield>
  <datafield tag="650" ind1=" " ind2=" ">
    <subfield code="a">Orkectra</subfield>
    <subfield code="9">1186</subfield>
    <subfield code="z">India</subfield>
    <subfield code="x">Excerpts</subfield>
  </datafield>
  <datafield tag="650" ind1=" " ind2=" ">
    <subfield code="9">18274</subfield>
  </datafield>
  <datafield tag="700" ind1=" " ind2=" ">
    <subfield code="9">17459</subfield>
  </datafield>
  <datafield tag="700" ind1=" " ind2=" ">
    <subfield code="9">18096</subfield>
  </datafield>
  <datafield tag="942" ind1=" " ind2=" ">
    <subfield code="2">ddc</subfield>
    <subfield code="c">GR</subfield>
  </datafield>
  <datafield tag="999" ind1=" " ind2=" ">
    <subfield code="c">43718</subfield>
    <subfield code="d">43718</subfield>
  </datafield>
  <datafield tag="952" ind1=" " ind2=" ">
    <subfield code="0">0</subfield>
    <subfield code="1">0</subfield>
    <subfield code="2">ddc</subfield>
    <subfield code="4">0</subfield>
    <subfield code="7">1</subfield>
    <subfield code="8">NFIC</subfield>
    <subfield code="a">L</subfield>
    <subfield code="b">L</subfield>
    <subfield code="d">2010-09-04</subfield>
    <subfield code="e">SED/VEN</subfield>
    <subfield code="l">0</subfield>
    <subfield code="p">GR-635</subfield>
    <subfield code="r">2010-09-04 00:00:00</subfield>
    <subfield code="t">1 </subfield>
    <subfield code="w">2010-09-04</subfield>
    <subfield code="y">GR</subfield>
  </datafield>
</record>
